000
00316nam a2200109Ia 4500
008
171211s9999 xx 000 0 und d
245
_a
Redefining Kitsch and Camp in Literature and Culture
245
_c
Justyna Ste[ien
260
_c
2014
650
_x
CULTURE
856
_u
http://down.ebook777.com/063/1443862215.pdf
999
_c
347788
_d
347788